<?xml version="1.0" encoding="UTF-8"?>
<record
    xmlns:xsi="http://www.w3.org/2001/XMLSchema-instance"
    xsi:schemaLocation="http://www.loc.gov/MARC21/slim http://www.loc.gov/standards/marcxml/schema/MARC21slim.xsd"
    xmlns="http://www.loc.gov/MARC21/slim">

  <leader>03507nam a2200577Ia 4500</leader>
  <controlfield tag="001">717</controlfield>
  <controlfield tag="008">241029s9999    xx            000 0 und d</controlfield>
  <datafield tag="010" ind1=" " ind2=" ">
    <subfield code="a">645</subfield>
  </datafield>
  <datafield tag="041" ind1=" " ind2=" ">
    <subfield code="a">Espa&#xF1;ol</subfield>
  </datafield>
  <datafield tag="082" ind1=" " ind2=" ">
    <subfield code="a">NO APLICA</subfield>
  </datafield>
  <datafield tag="245" ind1=" " ind2="0">
    <subfield code="a">Acciones de los mecanismos y aparatos represivos del estado balaguerista en la calidad educativa de la Universidad Aut&#xF3;noma de Santo Domingo (UASD), el per&#xED;odo 1966-1978.</subfield>
  </datafield>
  <datafield tag="260" ind1=" " ind2=" ">
    <subfield code="a">Santiago</subfield>
  </datafield>
  <datafield tag="300" ind1=" " ind2=" ">
    <subfield code="a">127</subfield>
  </datafield>
  <datafield tag="520" ind1=" " ind2=" ">
    <subfield code="a">18</subfield>
  </datafield>
  <datafield tag="630" ind1=" " ind2=" ">
    <subfield code="a">Actitudes</subfield>
  </datafield>
  <datafield tag="630" ind1=" " ind2=" ">
    <subfield code="a">Calidad Educativa</subfield>
  </datafield>
  <datafield tag="630" ind1=" " ind2=" ">
    <subfield code="a">Conducta Humana</subfield>
  </datafield>
  <datafield tag="630" ind1=" " ind2=" ">
    <subfield code="a">Convivencia</subfield>
  </datafield>
  <datafield tag="630" ind1=" " ind2=" ">
    <subfield code="a">Democratizaci&#xF3;n</subfield>
  </datafield>
  <datafield tag="650" ind1=" " ind2=" ">
    <subfield code="a">Calidad Educativa</subfield>
  </datafield>
  <datafield tag="690" ind1=" " ind2=" ">
    <subfield code="a">Sintetizado</subfield>
  </datafield>
  <datafield tag="700" ind1=" " ind2=" ">
    <subfield code="e">asesor</subfield>
    <subfield code="a">Gonz&#xE1;lez Camacho, Silverio</subfield>
  </datafield>
  <datafield tag="700" ind1=" " ind2=" ">
    <subfield code="e">autor</subfield>
    <subfield code="a">Mat&#xED;as Valerio, Jhovany Antonio</subfield>
  </datafield>
  <datafield tag="700" ind1=" " ind2=" ">
    <subfield code="e">autor</subfield>
    <subfield code="a">Rodr&#xED;guez Fern&#xE1;ndez, C&#xE9;sar Jos&#xE9;</subfield>
  </datafield>
  <datafield tag="901" ind1=" " ind2=" ">
    <subfield code="a">{"1":"Mat&#xED;as Valerio","2":"Rodr&#xED;guez Fern&#xE1;ndez"}</subfield>
    <subfield code="b">{"1":"Jhovany Antonio","2":"C&#xE9;sar Jos&#xE9;"}</subfield>
  </datafield>
  <datafield tag="902" ind1=" " ind2=" ">
    <subfield code="a">1</subfield>
  </datafield>
  <datafield tag="903" ind1=" " ind2=" ">
    <subfield code="a">{"1":"Gonz&#xE1;lez Camacho"}</subfield>
    <subfield code="b">{"1":"Silverio"}</subfield>
  </datafield>
  <datafield tag="904" ind1=" " ind2=" ">
    <subfield code="a">Maestr&#xED;a en</subfield>
  </datafield>
  <datafield tag="905" ind1=" " ind2=" ">
    <subfield code="a">Ense&#xF1;anza Superior</subfield>
  </datafield>
  <datafield tag="906" ind1=" " ind2=" ">
    <subfield code="a">2</subfield>
  </datafield>
  <datafield tag="907" ind1=" " ind2=" ">
    <subfield code="a">NO APLICA</subfield>
  </datafield>
  <datafield tag="908" ind1=" " ind2=" ">
    <subfield code="a">NO APLICA</subfield>
  </datafield>
  <datafield tag="909" ind1=" " ind2=" ">
    <subfield code="a">Universidad Aut&#xF3;noma de Santo Domingo (UASD)</subfield>
  </datafield>
  <datafield tag="910" ind1=" " ind2=" ">
    <subfield code="a">NULL</subfield>
    <subfield code="b">NULL</subfield>
  </datafield>
  <datafield tag="911" ind1=" " ind2=" ">
    <subfield code="a">["1"]</subfield>
  </datafield>
  <datafield tag="912" ind1=" " ind2=" ">
    <subfield code="a">NO APLICA</subfield>
  </datafield>
  <datafield tag="913" ind1=" " ind2=" ">
    <subfield code="a">NULL</subfield>
  </datafield>
  <datafield tag="914" ind1=" " ind2=" ">
    <subfield code="a">03 de Septiembre de 2012</subfield>
  </datafield>
  <datafield tag="915" ind1=" " ind2=" ">
    <subfield code="a">31/10/19 11:10</subfield>
  </datafield>
  <datafield tag="916" ind1=" " ind2=" ">
    <subfield code="a">NULL</subfield>
  </datafield>
  <datafield tag="917" ind1=" " ind2=" ">
    <subfield code="a">NULL</subfield>
  </datafield>
  <datafield tag="918" ind1=" " ind2=" ">
    <subfield code="a">NO APLICA</subfield>
  </datafield>
  <datafield tag="919" ind1=" " ind2=" ">
    <subfield code="a">["6","29","46","238","55"]</subfield>
  </datafield>
  <datafield tag="520" ind1=" " ind2=" ">
    <subfield code="a">La investigaci&#xF3;n se plante&#xF3; como objetivo general analizar las acciones de los mecanismos y aparatos represivos del estado Balaguerista en la calidad educativa de la UASD en el per&#xED;odo 1966-1978. El m&#xE9;todo empleado en la investigaci&#xF3;n fue de corte cualitativo bibliogr&#xE1;fico y descriptivo, y se implementaron t&#xE9;cnicas como la entrevista, observaci&#xF3;n y an&#xE1;lisis documental. Los datos bibliogr&#xE1;ficos encontrados en el desarrollo de la investigaci&#xF3;n explican que los aparatos represivos surgen con el Estado mismo, puesto que todo estado al nacer, organiza un cuerpo armado que obliga a los ciudadanos a cumplir las leyes y las&#xA0; normas establecidas por el gobierno.&#xA0;En la Rep&#xFA;blica Dominicana, a partir del siglo XX han existido siete aparatos represivos, cuatro de car&#xE1;cter militar y tres de ideolog&#xED;a paramilitar. Los militares son: La Guardia Republicana o Guardia de Mon, La Guardia Nacional, el Servicio de Inteligencia Militar y la Polic&#xED;a Nacional. En los aparatos paramilitares resaltan La Banda 42, Los Paleros y la Banda Color&#xE1;. Estos aparatos represivos, espec&#xED;ficamente la Polic&#xED;a Nacional y la Banda Color&#xE1; durante el mandato del Presidente Joaquin Balaguer (1966-1978) persiguieron, encarcelaron y asesinaron a los estudiantes de la UASD cuando estos reclamaban el aumento de presupuesto y la democratizaci&#xF3;n de la instituci&#xF3;n, convirti&#xE9;ndose el campus universitario en un verdadero campo de batalla.El gobierno tuvo que enfrentar un ej&#xE9;rcito de grupos estudiantiles decididos a conquistar la democratizaci&#xF3;n y el progreso tanto del pa&#xED;s como de la Universidad. En definitiva, las relaciones del Estado Balaguerista con la Universidad Aut&#xF3;noma de Santo Domingo (UASD) estuvieron matizadas por un enfrentamiento constante entre ambas entidades que marcaron un turbulento, pero necesario periodo en el desarrollo educativo a Nivel Superior.</subfield>
  </datafield>
  <datafield tag="921" ind1=" " ind2=" ">
    <subfield code="a">16</subfield>
  </datafield>
  <datafield tag="922" ind1=" " ind2=" ">
    <subfield code="a">16</subfield>
  </datafield>
  <datafield tag="923" ind1=" " ind2=" ">
    <subfield code="a">0</subfield>
  </datafield>
  <datafield tag="924" ind1=" " ind2=" ">
    <subfield code="a">NO APLICA</subfield>
  </datafield>
  <datafield tag="942" ind1=" " ind2=" ">
    <subfield code="c">Tesis</subfield>
  </datafield>
  <datafield tag="999" ind1=" " ind2=" ">
    <subfield code="c">645</subfield>
    <subfield code="d">645</subfield>
  </datafield>
</record>
